The Personal History : (Record no. 187022)
[ view plain ]
| 000 -LEADER | |
|---|---|
| fixed length control field | 01083 a2200169 4500 |
| 003 - CONTROL NUMBER IDENTIFIER | |
| control field | Nust |
| 005 - DATE AND TIME OF LATEST TRANSACTION | |
| control field | 20230403121307.0 |
| 040 ## - CATALOGING SOURCE | |
| Transcribing agency | Nust |
| 082 ## - DEWEY DECIMAL CLASSIFICATION NUMBER | |
| Classification number | 920,DIC |
| 100 ## - MAIN ENTRY--PERSONAL NAME | |
| Personal name | Dickens, Charles |
| 9 (RLIN) | 386 |
| 245 ## - TITLE STATEMENT | |
| Title | The Personal History : |
| Remainder of title | David Copperfield / |
| Statement of responsibility, etc. | Charles Dickens |
| 260 ## - PUBLICATION, DISTRIBUTION, ETC. | |
| Place of publication, distribution, etc. | London |
| Name of publisher, distributor, etc. | Odhams Press |
| 300 ## - PHYSICAL DESCRIPTION | |
| Extent | 704:p |
| 505 ## - FORMATTED CONTENTS NOTE | |
| Formatted contents note | I am Born (Page-15), I Have a Change (Page-37), I am Sent Away from Home (Page-68), My First Half at Salem House (Page-89), I Have A Memorable Birthday (Page-117) Liking Life on My ---(Page-157) I Make Another Beginning (Page-197) Somebody (Page-223), Steerforths Home (Page-260), Some Old Scenes (Page-284), Good and Bad Angels,(Page-322), A Loss (Page-335), Blissful (Page-415), Enthusiasm (Page-454), The Wanderer (Page-507), Mischief (Page-530), Intelligence (Page-582), Domestic (Page-602), I am Involved in Mystery (Page-622), The Beginning of a Longer Journey (Page-630), Tempest (Page-685), Absence (Page-709), Agnes (Page-728), A visitor (Page-755), A Last Retrospect (Page-761). |
| 650 ## - SUBJECT ADDED ENTRY--TOPICAL TERM | |
| Topical term or geographic name entry element | Biography |
| 9 (RLIN) | 461 |
| 942 ## - ADDED ENTRY ELEMENTS (KOHA) | |
| Source of classification or shelving scheme | |
| Koha item type | Book |
| Withdrawn status | Lost status | Source of classification or shelving scheme | Damaged status | Not for loan | Permanent Location | Current Location | Shelving location | Date acquired | Full call number | Barcode | Date last seen | Price effective from | Koha item type | Public note |
|---|---|---|---|---|---|---|---|---|---|---|---|---|---|---|
| Military College of Signals (MCS) | Military College of Signals (MCS) | General Stacks | 12/12/2016 | 920,DIC | MCS29836 | 12/08/2016 | 12/12/2016 | Book | Almirah No.75, Shelf No.5 |
